History Quiz

Random History or Lyrics Quiz

'We Didn't Start the Fire' Images II Quiz Stats

 Plays Quiz Updated Apr 15, 2017

Support Sporcle.
Go Orange.
Score 0/24 Timer 04:00
2 Plays Today
% Correct
Einstein
94.1%
Elvis Presley
92%
Joseph Stalin
83.4%
James Dean
82.8%
Liberace
71.4%
Disneyland
67.8%
Peter Pan
66.6%
Davy Crockett
63.2%
Brooklyn's got a winning team
46.2%
Bardot
46%
Marciano
41.7%
Rock Around the Clock
33.1%
% Correct
Campanella
31.2%
Communist Bloc
29.3%
Nasser
28.2%
Juan Perón
21.2%
Roy Cohn
19.1%
dacron
18.1%
Prokofiev
17.5%
Toscanini
17.1%
Santayana goodbye
17.1%
Dien Bien Phu falls
16.7%
Rockefeller
16.6%
Malenkov
15.9%

You're not logged in!

Compare scores with friends on all Sporcle quizzes.
OR
Log In
Forgot?

From the Vault

Cartoon Character by Outfit

by zhambsch

It must be easy to pick out your clothes when you wear the same thing every day.
Remove Ads.
Support Sporcle.
Get the best of Sporcle when you Go Orange. This ad-free experience offers more features, more stats, and more fun while also helping to support Sporcle. Thank you for becoming a member.

Show Comments

Extras

Top Quizzes Today


Score Distribution

Your Account Isn't Verified!

In order to create a playlist on Sporcle, you need to verify the email address you used during registration. Go to your Sporcle Settings to finish the process.

Report this User

Report this user for behavior that violates our Community Guidelines.

Details: